De-Facto States of The World - Statistics

General Stats
  • This quiz has been taken 107 times
    106 since last reset
  • The average score is 8 of 17
Answer Stats
Country % Correct
Palestine
83%
Somaliland
78%
Abkhazia
75%
Taiwan
74%
South Ossetia
71%
Transnistria
61%
Sahrawi Arab Democratic Republic
60%
Kosovo
56%
Vatican City
39%
Donetsk People's Republic
35%
Luhansk People's Republic
34%
Artsakh
31%
Turkish Republic of Northern Cyprus
31%
Niue
23%
Cook İslands
21%
Sovereign Military Order of Malta
8%
Republica Srpska
3%
No matching quizzes found
Score Distribution
Percent of People with Each Score
Percentile by Number Answered
Your Score History
You have not taken this quiz since the last reset